Rye: (Record no. 62851)
[ view plain ]
| 000 -LEADER | |
|---|---|
| fixed length control field | 00748cam a22002411 4500 |
| 001 - CONTROL NUMBER | |
| control field | sa 65002851 |
| 003 - CONTROL NUMBER IDENTIFIER | |
| control field | DLC |
| 005 - DATE AND TIME OF LATEST TRANSACTION | |
| control field | 20260227112119.0 |
| 008 - FIXED-LENGTH DATA ELEMENTS--GENERAL INFORMATION | |
| fixed length control field | 790705s1963 ii b 000 0 eng |
| 010 ## - LIBRARY OF CONGRESS CONTROL NUMBER | |
| LC control number | sa 65002851 |
| 035 ## - SYSTEM CONTROL NUMBER | |
| System control number | (OCoLC)5142148 |
| 040 ## - CATALOGING SOURCE | |
| Original cataloging agency | DLC |
| Transcribing agency | TxCM |
| Modifying agency | DLC |
| 042 ## - AUTHENTICATION CODE | |
| Authentication code | premarc |
| 050 00 - LIBRARY OF CONGRESS CALL NUMBER | |
| Classification number | SB191.R9 |
| Item number | D45 |
| 100 1# - MAIN ENTRY--PERSONAL NAME | |
| Personal name | Deodikar, Govind Balakrishna. |
| 245 10 - TITLE STATEMENT | |
| Title | Rye: |
| Remainder of title | Secale cereale Linn, |
| Statement of responsibility, etc. | by G. B. Deodikar. |
| 260 ## - PUBLICATION, DISTRIBUTION, ETC. | |
| Place of publication, distribution, etc. | New Delhi, |
| Name of publisher, distributor, etc. | Indian Council of Agricultural Research |
| Date of publication, distribution, etc. | [c1963] |
| 300 ## - PHYSICAL DESCRIPTION | |
| Extent | viii, 152 p. |
| 490 1# - SERIES STATEMENT | |
| Series statement | I.C.A.R. cereal crop series, |
| Volume/sequential designation | no. 3 |
| 504 ## - BIBLIOGRAPHY, ETC. NOTE | |
| Bibliography, etc. note | Includes bibliographies. |
| 650 #0 - SUBJECT ADDED ENTRY--TOPICAL TERM | |
| Topical term or geographic name entry element | Rye. |
| 810 2# - SERIES ADDED ENTRY--CORPORATE NAME | |
| Corporate name or jurisdiction name as entry element | Indian Council of Agricultural Research. |
| Title of a work | I.C.A.R. cereal crop series ; |
| Volume/sequential designation | no. 3. |
No items available.